[Event "Chess24 Legends of Chess"]
[Site "Online"]
[Date "2020.07.18"]
[Round "5.4"]
[White "Ding, Liren"]
[Black "Kramnik, Vladimir"]
[Result "0-1"]
[WhiteElo "2836"]
[BlackElo "2756"]
[Annotator "TA"]
[PlyCount "126"]
[EventDate "2020.07.21"]
[EventType "tourn"]
[SourceTitle "playchess.com"]
[Source "ChessBase"]
[SourceQuality "1"]

{[%evp 19,126,16,19,19,19,11,29,24,38,14,15,7,14,10,9,17,13,24,36,22,22,0,35,34,24,29,15,15,31,40,20,26,50,35,86,38,37,29,60,8,16,0,0,0,0,0,0,-74,-74,-81,-87,-89,-81,-81,-81,-92,-89,-82,-78,-79,-89,-104,-112,-116,-112,-100,-112,-99,-92,-92,-92,-127,-134,-131,-122,-173,-30,-45,-28,-28,0,0,0,0,0,-8,0,0,0,-5,0,-126,-36,-128,-139,-1510,-1417,-1487,-1406,-12850,-27992,-27993,-27993,-27994,-27994,-27995,-27995,-27998,-27998]} 1. d4 Nf6 2. c4 e6 3. Nf3 d5 4. Nc3 Nbd7 5. cxd5 exd5 6. Bg5 c6 7. e3 h6 8. Bh4 Be7 9. Qc2 O-O 10. Bd3 Re8 11. Nd2 {D36: Queen's Gambit Declined: Exchange Variation: Main line (5 Bg5 c6 6 Qc2).} Nf8 12. O-O Nh5 13. Bxe7 {[#] White has an edge.} Qxe7 $146 ({Predecessor:} 13... Rxe7 14. Nf3 Nf6 15. Rfc1 Bg4 16. Ne5 N8d7 17. Nxg4 Nxg4 18. Bf5 Ngf6 19. b4 a6 {½-½ (46) Mai,H (1839)-Berger,F (1699) Bad Wildungen 2000}) 14. Rae1 Ne6 15. f4 Nf6 16. Nf3 c5 17. Qf2 Bd7 18. Ne5 Bc6 19. Bf5 Rad8 20. g4 Ne4 21. Nxe4 dxe4 22. Nxc6 bxc6 23. Bxe4 Qd6 {[%cal Rc5d4]} 24. f5 Ng5 {Threatens to win with ...Nh3+.} 25. Bg2 Rb8 26. Qf4 Qe7 ({Black should play} 26... Qf6 $14) 27. b3 cxd4 28. f6 Qb4 29. fxg7 (29. Qxd4 $14 c5 30. Qxb4 Rxb4 31. h3) 29... dxe3 $11 30. h4 e2 31. Qxb4 Rxb4 32. Rf2 Ne6 {White must now prevent ...Nd4.} 33. Rexe2 (33. Rfxe2 $11 Rxg4 34. Re4) 33... Rxg4 $17 34. Kh2 Rxh4+ 35. Kg3 Rh5 36. Bxc6 Rc8 37. Bd7 Rc3+ 38. Kg2 Rg5+ ({Don't play} 38... Nxg7 $6 39. Re7 $11) ({Much worse is} 38... Kxg7 $6 39. Bxe6 Rg5+ 40. Kh2 $11) 39. Kf1 Nd4 40. Re4 Nf3 41. Bg4 Ne5 42. Bf5 Rc1+ 43. Re1 Rxe1+ 44. Kxe1 Kxg7 {[%mdl 4096] Endgame KRB-KRN} 45. b4 h5 46. b5 Rg3 47. a4 (47. Kf1 $17) 47... Nf3+ (47... h4 $19 {Hoping for ...h3.} 48. Kf1 Ra3) 48. Kf1 $11 Rg1+ 49. Ke2 Nd4+ 50. Ke3 Nb3 51. Bc2 Na5 52. Rf5 Rg3+ 53. Kd4 h4 54. Rh5 Rg4+ 55. Kd5 (55. Be4 $11) 55... Rc4 (55... Nc4 $17 {And now ...Ne3+ would win.} 56. Kc5 Nb6) 56. Be4 (56. Rg5+ $15 Kh6 57. Rg2) 56... Rxa4 $17 57. Rxh4 $2 {[%mdl 8192] [#] This costs White the game.} (57. Rh7+ $17 Kg8 58. Rh6) 57... f5 $1 $19 {[%mdl 512]} 58. Rf4 (58. Bxf5 Rxh4) 58... fxe4 59. Rxe4 Rxe4 60. Kxe4 {Black mates.} Kf6 {( -> ...Ke6)} 61. Kd5 {[#]} Ke7 $1 {[%cal Re7d8]} 62. Kc5 Kd7 63. b6 a6 {Accuracy: White = 72%, Black = 81%.} 0-1

[Event "Chess24 Legends of Chess"]
[Site "Online"]
[Date "2020.07.18"]
[Round "5.4"]
[White "Svidler, Peter"]
[Black "Nepomniachtchi, Ian"]
[Result "0-1"]
[WhiteElo "2742"]
[BlackElo "2778"]
[Annotator "TA"]
[PlyCount "80"]
[EventDate "2020.07.21"]
[EventType "tourn"]
[SourceTitle "playchess.com"]
[Source "ChessBase"]
[SourceQuality "1"]

{[%evp 13,80,-6,0,0,0,0,0,0,0,0,0,0,0,0,0,0,0,-17,-16,-20,-20,-23,-23,-26,-25,-22,-22,-19,-16,-16,-16,-24,-22,-38,-24,-38,-21,-39,-36,-44,-19,-24,-23,-67,-56,-102,-87,-104,-79,-89,-70,-89,-39,-109,-19,-36,-29,-288,-288,-286,-289,-504,-462,-428,-405,-419,-403,-365,-375]} 1. Nf3 Nf6 2. e3 g6 3. b4 Bg7 4. Bb2 O-O 5. c4 d6 6. Be2 e5 7. d3 a5 8. b5 {A15: English Opening: 1...Nf6.} e4 9. dxe4 Nxe4 10. Bxg7 {The position is equal.} Kxg7 11. O-O Qf6 12. Nd4 Nd7 13. f3 Nec5 14. Nc3 Nb6 {[#]} 15. Qd2 $146 ({Predecessor:} 15. Nd5 Nxd5 16. cxd5 Qe5 17. Nc2 {½-½ (17) Shcherbakov,R (2570)-Mortensen,E (2445) Hastings 1993}) 15... Be6 16. Nxe6+ Qxe6 17. Rfe1 Rfe8 18. Bf1 Qf6 19. Rac1 Re7 20. e4 Rae8 21. Nd1 a4 22. Nf2 h5 23. Re3 Kg8 24. Rce1 Qe6 25. Qc3 Qe5 26. Qc1 Qd4 27. Rd1 Qg7 28. g3 f5 29. Nh3 fxe4 30. f4 Nd3 31. Bxd3 exd3 32. Rexd3 Nd7 33. b6 (33. Ng5 $15) 33... Nc5 ({Better is} 33... Nxb6 $17 34. c5 dxc5 35. Qxc5 Re2) 34. Rd5 Ne4 $36 {[%cal Bc5e4,Be4f2,Bf2h3][%mdl 2080] Threatens to win with ...Nc3. Black is more active.} 35. Re1 $2 {[%mdl 8192] [#] This costs White the game.} (35. R5d3 $11 {and White is okay.}) 35... c6 $1 $19 {[%cal Rc6d5]} ({Weaker is} 35... cxb6 36. Qc2 $15) 36. Rd3 {[#]} Nf2 $1 {[%mdl 512]} 37. Rde3 $2 (37. Rxe7 {is the only way for White.} Nxh3+ 38. Kg2 Qxe7 39. Qd1) (37. Kxf2 Rxe1) 37... Nxh3+ 38. Kg2 Rxe3 39. Rxe3 Rxe3 40. Qxe3 Qd7 {Accuracy: White = 70%, Black = 86%.} 0-1

[Event "Chess24 Legends of Chess"]
[Site "Online"]
[Date "2020.07.18"]
[Round "5.4"]
[White "Leko, Peter"]
[Black "Anand, Viswanathan"]
[Result "1-0"]
[WhiteElo "2710"]
[BlackElo "2751"]
[Annotator "TA"]
[PlyCount "44"]
[EventDate "2020.07.21"]
[EventType "tourn"]
[SourceTitle "playchess.com"]
[Source "ChessBase"]
[SourceQuality "1"]

{[%evp 13,44,18,12,10,21,10,7,6,8,19,5,0,0,0,0,0,0,0,0,0,25,-18,-29,-25,-17,-25,76,70,27,28,108,125,1491]} 1. e4 e5 2. Nf3 Nc6 3. Bc4 Bc5 4. O-O Nf6 5. d3 d6 6. c3 a6 7. a4 h6 8. Re1 $1 {The main line 8.Re1 scores better than 8.Nbd2. C54: Giuoco Piano: 4 c3 Nf6, main lines with 5 d4 and 5 d3.} O-O 9. Nbd2 a5 10. Nf1 {The position is equal.} Be6 11. Bb5 Na7 12. d4 exd4 13. Nxd4 Nxb5 14. axb5 Re8 15. Ng3 Bd7 16. h3 {[#]} Re5 $146 ({Predecessor:} 16... c6 17. bxc6 Bxc6 18. Nxc6 bxc6 19. Bf4 Qb6 20. Qc2 Rab8 21. Re2 Re6 22. Rae1 Rbe8 {½-½ (104) Vachier Lagrave,M (2789)-Karjakin,S (2782) Leuven 2018}) 17. f4 (17. c4 {looks sharper.} c6 18. bxc6 bxc6 19. Nf3 Re8 20. Qc2) 17... Bxd4+ 18. cxd4 Rxb5 19. Ra3 d5 (19... Ne8 $11) 20. e5 $16 {[#]} Ne4 $1 {[%mdl 512]} 21. f5 (21. Nxe4 dxe4) 21... Nxg3 (21... Qh4 $11 22. Nxe4 dxe4) 22. Rxg3 {Strongly threatening Bxh6.} Bc8 $2 {[%mdl 8192] Accuracy: White = 93%, Black = 64%.} (22... Bxf5 $16 23. Bxh6 Bg6) 1-0

[Event "Chess24 Legends of Chess"]
[Site "Online"]
[Date "2020.07.18"]
[Round "5.4"]
[White "Gelfand, Boris"]
[Black "Giri, Anish"]
[Result "0-1"]
[WhiteElo "2702"]
[BlackElo "2731"]
[Annotator "TA"]
[PlyCount "110"]
[EventDate "2020.07.21"]
[EventType "tourn"]
[SourceTitle "playchess.com"]
[Source "ChessBase"]
[SourceQuality "1"]

{[%evp 12,110,27,16,24,12,26,24,31,16,40,11,16,9,32,30,29,27,34,12,29,9,15,0,0,0,45,18,21,14,25,0,0,0,-5,-2,0,-41,-42,-59,-32,-11,-37,-162,-161,-295,-278,-284,-258,-252,-240,-243,-225,-265,-253,-268,-270,-286,-284,-286,-283,-339,-331,-364,-364,-364,-364,-356,-356,-326,-326,-490,-486,-471,-372,-359,-346,-516,-504,-429,-464,-2061,-1550,-4149,-4149,-4137,-4137,-4129,-4129,-4149,-4149,-11881,-4084,-7491,-9417,-4797,-4149,-4141,-4137,-1281,-1029]} 1. Nf3 d5 2. d4 Nf6 3. c4 c6 4. e3 Bf5 5. Nc3 e6 6. Nh4 Be4 7. f3 Bg6 {D12: Slav Defence: 3 Nf3 Nf6 4 e3 Bf5.} 8. Bd2 Be7 9. Nxg6 hxg6 {White has an edge.} 10. Qc2 Nbd7 {[#]} 11. cxd5 $146 ({Predecessor:} 11. O-O-O Nb6 12. c5 Nbd7 13. Kb1 Qb8 14. h4 g5 15. Be1 g4 16. e4 gxf3 17. gxf3 {½-½ (42) Giri,A (2763)-Caruana,F (2842) Ekaterinburg 2020}) 11... cxd5 12. Qb3 O-O 13. Bd3 Qb8 14. O-O Bd6 15. f4 a6 16. a4 Rc8 17. Rac1 Rc6 18. a5 Qa7 19. Na4 Rac8 20. Rc3 Qb8 21. Rfc1 Rxc3 22. Rxc3 Rxc3 23. Qxc3 g5 24. Qc1 gxf4 25. exf4 {[#]} g5 $1 {[%mdl 512]} 26. g3 (26. fxg5 Bxh2+) 26... Qa7 $36 {[%mdl 2048] Black is pushing.} 27. Nb6 {Loses the game.} ({White should try} 27. Be3 $15 gxf4 28. gxf4) 27... Nxb6 $19 28. fxg5 (28. axb6 {was the only chance.} Qxb6 29. Bc3) 28... Nbd7 29. Bc3 Ne8 30. g6 fxg6 31. Bxg6 Ng7 32. Qg5 Qb8 33. Kg2 Nf8 34. Bd3 Qc7 35. h4 Qe7 36. Qxe7 Bxe7 37. Kh3 Nf5 38. Kg4 Bd6 39. Bxf5 exf5+ 40. Kxf5 Bxg3 41. h5 (41. Kf6 {was the only defense.} Bxh4+ 42. Ke5) 41... Kf7 42. h6 Bd6 43. Bd2 Bc7 44. Bb4 (44. Bc3 {might work better.}) 44... Ne6 {Black is clearly winning.} 45. Bc3 {And now h7 would win.} Nd8 46. b4 (46. h7 $142 Kg7 47. Bd2) 46... Bd6 47. h7 Kg7 48. Bd2 Kxh7 49. Bg5 Nc6 {[%mdl 64] [#] Double Attack} 50. Ke6 Bxb4 51. Kxd5 Bxa5 52. Kc5 Kg6 53. Bh4 Kf7 54. d5 Ne7 55. Bg5 Nf5 {Accuracy: White = 57%, Black = 86%.} 0-1

[Event "Chess24 Legends of Chess"]
[Site "Online"]
[Date "2020.07.18"]
[Round "5.4"]
[White "Ivanchuk, Vasyl"]
[Black "Carlsen, Magnus"]
[Result "1/2-1/2"]
[WhiteElo "2686"]
[BlackElo "2881"]
[Annotator "TA"]
[PlyCount "94"]
[EventDate "2020.07.21"]
[EventType "tourn"]
[SourceTitle "playchess.com"]
[Source "ChessBase"]
[SourceQuality "1"]

{[%evp 29,94,4,14,5,7,10,6,5,4,-8,4,4,4,5,12,0,0,0,0,0,0,-4,0,-12,-15,-6,-8,-6,0,0,0,-2,0,0,0,-6,0,0,0,0,0,0,0,0,0,0,0,0,0,0,0,0,0,0,0,0,0,0,0,0,0,0,0,0,0,0,0]} 1. d4 Nf6 2. c4 e6 3. Nf3 d5 4. Nc3 a6 5. e3 dxc4 6. a4 c5 7. Bxc4 Nc6 8. O-O Be7 9. Qe2 cxd4 10. Rd1 e5 11. exd4 exd4 12. Nxd4 Nxd4 13. Qe5 Qd6 14. Qxd4 Qxd4 15. Rxd4 Bc5 {The position is equal.} 16. Rd1 {D27: Queen's Gambit Accepted: Classical main line: 7 e4!? and 7 a4.} (16. Rf4 {is more complex.} O-O 17. Nd5 Nxd5 18. Bxd5 Be6 19. Bxb7 Ra7 20. Bf3) 16... Be6 17. Bxe6 fxe6 {[#]} 18. Kf1 $5 $146 {[%mdl 8] An interesting novelty.} ({Predecessor:} 18. Bg5 O-O 19. Bxf6 gxf6 20. Rd7 Rad8 21. Rxb7 f5 22. Rc7 Rc8 23. Rxc8 Rxc8 24. Kf1 {½-½ (47) Checa,N (2506)-So,W (2762) chess.com INT 2019}) 18... Kf7 19. Ke2 Rhd8 20. Be3 Bxe3 21. Kxe3 e5 22. f3 Ke6 23. Rac1 Rxd1 24. Rxd1 $11 {[%mdl 4096] Endgame KRN-KRN} Rc8 25. Rd3 Rc4 26. b3 Rb4 27. Ne4 Nxe4 28. fxe4 {KR-KR} a5 29. h4 h5 30. g3 b6 31. Kf3 Kf6 32. Ke3 g5 33. Kf3 g4+ 34. Ke3 Ke6 35. Rc3 b5 36. axb5 Rxb5 37. Kd3 Kd6 38. Ke3 Rc5 (38... Rb4 {is interesting.} 39. Kd3 Ke6 40. Ke3 Kd7 41. Kd3 Kd6) 39. Rxc5 Kxc5 {KP-KP} 40. Kd3 Kb4 41. Kc2 a4 42. bxa4 Kxa4 {K3P-K3P} 43. Kc3 $1 {[%cal Rc3c4] [#] Intending Kc4 and mate.} Kb5 44. Kb3 $1 Kc5 45. Kc3 Kb5 $1 {[%cal Rb5c5]} 46. Kb3 $1 Kc5 {[#] ( -> ...Kd4)} 47. Kc3 Kb5 $1 {An uneventful encounter. Accuracy: White = 100%, Black = 100%.} 1/2-1/2

[Event "Chess24 Legends of Chess"]
[Site "Online"]
[Date "2020.07.18"]
[Round "5.5"]
[White "Leko, Peter"]
[Black "Anand, Viswanathan"]
[Result "1-0"]
[WhiteElo "2710"]
[BlackElo "2751"]
[Annotator "TA"]
[PlyCount "137"]
[EventDate "2020.07.21"]
[EventType "tourn"]
[SourceTitle "playchess.com"]
[Source "ChessBase"]
[SourceQuality "1"]

{[%evp 13,137,16,25,26,22,4,23,14,21,16,14,22,20,8,10,15,30,27,18,20,33,34,55,24,25,29,24,0,28,22,50,18,14,0,0,0,0,0,17,17,28,14,17,17,17,17,17,17,17,17,17,17,18,0,0,0,10,18,18,18,35,18,20,25,59,27,26,57,26,51,67,4,7,0,0,-43,-43,-57,-43,-43,0,0,0,0,0,0,0,0,0,0,0,0,0,0,0,0,0,0,0,0,0,0,0,0,0,0,0,-168,-132,-189,0,0,0,0,0,0,0,0,1335,1254,1234,1191,1376,1396,1224,1106]} 1. e4 e5 2. Nf3 Nc6 3. Bc4 Bc5 4. O-O Nf6 5. d3 d6 6. c3 a6 7. a4 O-O 8. Re1 {C54: Giuoco Piano: 4 c3 Nf6, main lines with 5 d4 and 5 d3.} Ba7 9. h3 h6 10. Nbd2 {[%cal Bb1d2,Bd2f1,Bf1g3,Bg3f5][%mdl 32] White has an edge.} Re8 11. b4 $1 {11.b4 is better than 11.Nf1.} Be6 12. Bxe6 Rxe6 13. Qc2 Qd7 14. Rb1 Ne7 15. Nf1 Ng6 16. Ng3 {[#]} c6 $146 ({Predecessor:} 16... d5 17. c4 c6 18. Nf5 Rd8 19. Rb3 Qe8 20. g3 Ne7 21. N3h4 Nxf5 22. Nxf5 Bb8 {½-½ (30) Nihal,S (2610)-Tomashevsky,E (2702) Konya 2019}) 17. c4 Ree8 18. Bd2 Rad8 19. Nf5 Ne7 20. Ng3 (20. Nxe7+ {feels hotter.} Rxe7 21. b5 Ree8 22. Qb3 d5 23. exd5 cxd5 24. bxa6 bxa6 25. Nxe5 Qf5 26. Nf3) 20... Ng6 21. Rbd1 d5 22. Bc3 Bb8 23. c5 Bc7 24. Nf5 Nf4 25. Bb2 d4 26. Bc1 Ne6 27. a5 Kh7 28. Nd2 g6 29. Ng3 h5 30. Nc4 h4 31. Nf1 Nh5 32. Nh2 Nef4 33. Kh1 Qe7 34. Rg1 Rg8 35. Rde1 g5 36. Qd1 {[#] And now g3 would win.} Nf6 37. Bxf4 gxf4 38. Qf3 Rg6 39. g3 hxg3 40. fxg3 fxg3 41. Rxg3 Rdg8 42. Rxg6 (42. Qf5 $1 $14) 42... fxg6 $11 43. Rg1 Nh5 44. Rf1 Nf4 45. Qg3 Rf8 46. Rf3 Nh5 47. Qf2 Rxf3 (47... Kg7 {is more complex.} 48. Rxf8 Qxf8 49. Qh4 Qf6 50. Qg4 Nf4) 48. Nxf3 Nf4 49. Qf1 Kg7 50. Kh2 Bb8 51. Ne1 Qg5 52. Ng2 Nxg2 53. Qxg2 Qf4+ 54. Qg3 Qf1 55. h4 Bc7 56. Qg2 Qf4+ 57. Kh3 Bd8 {[%csl Gd8][%cal Rf4h4]} 58. Qg3 {Black must now prevent Qxf4.} Qf1+ 59. Kh2 Qe2+ 60. Qg2 $2 {[#]} (60. Kg1 $11) 60... Qh5 $1 $19 61. Qg3 (61. Qh3 $17) 61... Qe2+ $2 (61... Bxh4 $19 62. Qh3 Qe2+ 63. Qg2 Bf2) 62. Kh3 Qf1+ 63. Kg4 Qd1+ 64. Qf3 Qg1+ 65. Kh3 Bxh4 $2 {[%mdl 8192]} (65... Qe1 $11) 66. Kxh4 $18 {White is clearly winning.} Qh2+ 67. Kg4 Qh5+ 68. Kg3 Qg5+ 69. Kh3 {Accuracy: White = 88%, Black = 91%.} 1-0

[Event "Chess24 Legends of Chess"]
[Site "Online"]
[Date "2020.07.18"]
[Round "5.5"]
[White "Ivanchuk, Vasyl"]
[Black "Carlsen, Magnus"]
[Result "0-1"]
[WhiteElo "2686"]
[BlackElo "2881"]
[Annotator "TA"]
[PlyCount "72"]
[EventDate "2020.07.21"]
[EventType "tourn"]
[SourceTitle "playchess.com"]
[Source "ChessBase"]
[SourceQuality "1"]

{[%evp 9,72,0,2,0,3,-11,17,14,29,29,43,33,44,33,58,31,45,42,29,31,22,32,48,57,54,37,47,21,37,11,15,0,16,0,0,0,2,12,0,0,0,0,0,0,21,1,9,0,40,16,43,32,75,46,60,45,41,0,87,80,232,-156,137,-663,-666]} 1. d4 Nf6 2. c4 e6 3. Bg5 h6 4. Bh4 Be7 5. e3 b6 {[#]} 6. Be2 $146 {E00: Catalan Bogo-Indian (3 g3 Bb4+).} ({Predecessor:} 6. Nc3 Bb7 7. Nf3 Ne4 8. Bg3 Nxc3 9. bxc3 Nc6 10. Nd2 h5 11. h4 Na5 12. e4 d6 13. Bd3 c5 14. d5 e5 15. f3 Bc8 {½-½ (44) Winants,L (2515)-Sokolov,A (2566) France 2001}) 6... Bb7 7. Bf3 Bxf3 8. Nxf3 {The position is equal.} Ne4 9. Qc2 f5 10. Bxe7 Qxe7 11. Ne5 O-O 12. O-O (12. Ng6 {keeps more tension.} Qb4+ 13. Nc3 Re8 14. a3 Qxc4 15. Ne5) 12... Qe8 13. f3 Nf6 14. Nc3 d6 15. Nd3 Nbd7 16. Rae1 Qf7 17. e4 fxe4 18. fxe4 e5 19. d5 Qg6 20. Nb5 Rfc8 21. Nb4 a6 22. Nc6 {Ne7+ is the strong threat.} Kh8 23. Nc3 Rf8 24. b4 Rf7 25. Rf3 Raf8 26. Ref1 Nb8 27. Nxb8 Rxb8 28. Qa4 Ra8 {[#]} 29. c5 $1 {[%mdl 576] Strongly threatening cxd6. Decoy} bxc5 30. bxc5 dxc5 31. Qc6 $36 {[%mdl 2048] White is pushing.} Rb8 32. Rg3 Qh7 33. Rf5 Rbf8 (33... Qg8 $11) 34. Rgf3 Qg6 $2 (34... Qg8 $16) 35. Qxc5 $2 {[#]} ({Resist} 35. Qxa6 $6 Re7) (35. Rxe5 $18 {Threatens to win with Ref5.} h5 36. Qxa6) 35... Rb8 $2 (35... Nxe4 $1 $17 {[%mdl 512] stays on course.} 36. Qxf8+ (36. Nxe4 Rxf5) 36... Rxf8 37. Rxf8+ Kh7 38. Nxe4 Qxe4) 36. Qf2 $2 {[%mdl 8192] [#]} (36. Qa7 $16 Rb2 37. Rg3) 36... Nxe4 $1 {[%mdl 512] Accuracy: White = 70%, Black = 62%.} 0-1

[Event "Chess24 Legends of Chess"]
[Site "Online"]
[Date "2020.07.18"]
[Round "6.1"]
[White "Ding, Liren"]
[Black "Carlsen, Magnus"]
[Result "1/2-1/2"]
[WhiteElo "2836"]
[BlackElo "2881"]
[Annotator "TA"]
[PlyCount "61"]
[EventDate "2020.07.21"]
[EventType "tourn"]
[SourceTitle "playchess.com"]
[Source "ChessBase"]
[SourceQuality "1"]

{[%evp 9,61,10,32,36,42,35,43,25,25,19,18,9,16,0,0,0,6,12,14,12,12,12,12,7,9,12,13,13,14,13,21,21,21,21,33,0,0,0,0,0,41,41,41,41,41,41,41,41,41,0,41,0,41,0]} 1. Nf3 Nf6 2. g3 b5 3. d3 (3. d4 e6 4. Bg5 c5 5. d5 Qa5+ 6. Bd2 Qb6 7. dxe6 fxe6 8. a4 b4 9. a5 Qd8 10. Bg2 Nc6 11. Ne5 Nxe5 12. Bxa8 {½-½ (32) Ding,L (2813)-Carlsen,M (2835) Wijk aan Zee 2019}) 3... e6 4. e4 {[#]} d5 $146 ({Predecessor:} 4... d6 5. a4 b4 6. Bg2 Bb7 7. O-O c5 8. a5 Be7 9. c3 bxc3 10. a6 Bc6 11. Nxc3 Nbd7 12. Re1 O-O 13. d4 d5 14. dxc5 Bxc5 15. exd5 Nxd5 {0-1 (38) Balog,I (2537)-Zubov,A (2619) Arad 2015}) 5. exd5 Nxd5 6. Bg2 {A05: Réti Opening: 1 Nf3 Nf6.} Bb7 7. O-O Nf6 8. a4 b4 9. Nbd2 Be7 10. Nc4 O-O 11. Nfe5 Bxg2 12. Kxg2 c5 13. b3 Qd5+ 14. Qf3 Qxf3+ 15. Kxf3 Nd5 16. Bb2 f6 17. Ng4 Nc6 18. Nge3 Kf7 19. Kg2 Rfd8 20. Rae1 h5 21. f4 f5 22. Ne5+ (22. h4 {seems wilder.} Bf6 23. Nd1 Bd4 24. Bxd4 Nxd4 25. Ne5+) 22... Nxe5 23. Bxe5 Nxe3+ 24. Rxe3 Rd5 25. h4 Bf6 26. Rfe1 {[#] Threatens to win with Bxf6.} Re8 27. Kf3 Re7 28. R1e2 Re8 29. Re1 Re7 30. R1e2 Re8 31. Re1 {Accuracy: White = 90%, Black = 96%.} 1/2-1/2

[Event "Chess24 Legends of Chess"]
[Site "Online"]
[Date "2020.07.18"]
[Round "6.1"]
[White "Anand, Viswanathan"]
[Black "Nepomniachtchi, Ian"]
[Result "1/2-1/2"]
[WhiteElo "2751"]
[BlackElo "2778"]
[Annotator "TA"]
[PlyCount "106"]
[EventDate "2020.07.21"]
[EventType "tourn"]
[SourceTitle "playchess.com"]
[Source "ChessBase"]
[SourceQuality "1"]

{[%evp 12,106,34,4,0,16,2,0,17,0,25,-18,-40,-39,-12,-26,-22,-19,-17,-20,-19,-22,0,-163,-160,-174,-172,-152,-171,-164,-155,-155,-155,-153,-160,-155,-157,-155,-159,-168,-138,-152,-156,-141,-112,-138,-123,-131,-120,-121,-104,-115,-104,-115,-32,-158,-139,-139,-134,-123,-33,-34,0,-99,-53,-54,-56,-56,-56,-128,-20,-72,-23,-165,0,0,0,0,0,0,0,0,0,0,0,0,0,0,0,0,585,0,0,0,564,0,0]} 1. e4 c5 2. Nf3 d6 3. d4 cxd4 4. Nxd4 Nf6 5. Nc3 a6 6. h3 e5 7. Nb3 Be7 {B90: Sicilian Najdorf: Unusual White 6th moves, 6 Be3 Ng4 and 6 Be3 e5.} 8. Be3 Be6 (8... Nbd7 9. a4 Nf8 10. Bc4 Be6 11. Qd3 Rc8 12. Nd2 Qc7 13. Bb3 Ng6 14. a5 O-O 15. O-O Nh5 16. Rfd1 Nhf4 17. Qf1 {1-0 (25) Anand,V (2785)-Nepomniachtchi,I (2730) Dubai 2014}) 9. Qf3 Nbd7 10. g4 Nb6 {[#]} 11. Bxb6 $146 ({Predecessor:} 11. g5 Nfd7 12. h4 Rc8 13. Rg1 Nc4 14. O-O-O Qc7 15. Bxc4 Qxc4 16. Kb1 b5 17. Rc1 {½-½ (68) Motylev,A (2690)-Wojtaszek,R (2704) Rogaska Slatina 2011}) 11... Qxb6 12. g5 Nd7 13. h4 h6 14. Bh3 $1 hxg5 15. hxg5 {Strongly threatening Bxe6.} O-O-O {[#]} 16. g6 $1 {[%mdl 512]} Rdf8 (16... fxg6 17. Bxe6) 17. Qg2 $2 {[#]} (17. gxf7 $11 Rxf7 18. Qxf7 $1 {[%mdl 512]} Bxf7 19. Bxd7+ Kxd7 20. Rxh8) 17... Bh4 $1 $36 {[%mdl 2048] And now ...Bxh3 would win. Keeping White busy.} 18. O-O-O Qxf2 19. Qxf2 Bxf2 20. Bxe6 fxe6 21. Rxh8 Be3+ 22. Kb1 Rxh8 23. Rxd6 Kc7 24. Rd1 Rh6 25. Na5 Nb6 26. Rf1 Bf4 (26... Rxg6 27. Rf7+ Nd7 28. a4 $17) 27. Rg1 Nc8 28. a4 Nd6 29. Nb3 Be3 30. Rg2 Nc4 31. Ka2 Rh4 32. Re2 Bd4 ({Black should try} 32... Rg4 $17 33. Na5 Nxa5 34. Rxe3 Rxg6) 33. Nc1 ({White should play} 33. Nb1 $1 $15) 33... Rg4 34. Nd3 Rxg6 35. Nb1 Rg4 (35... Rg3 $17 36. Rh2 Kd6) 36. c3 $15 Rg3 37. Nd2 (37. cxd4 $11 Rxd3 38. Rc2) 37... Nxd2 ({Reject} 37... Rxd3 $6 38. Nxc4 b5 39. Na3 $11) (37... Nb6 {is more complex.} 38. Nc1 Bc5 39. a5 Nd7 40. Kb1 g5) 38. Rxd2 $17 {[%mdl 4096] Endgame KRB-KRN} Be3 39. Rd1 Rg4 40. Rf1 (40. b4 $15) 40... Bf4 ({But not} 40... Rxe4 $6 41. Re1 $11) (40... g5 $17 41. Rf7+ Kb8) 41. Nc5 (41. b4 $1 $11 {keeps the balance.}) 41... Rg6 (41... Kc6 $5 {[%cal Rc6c5]} 42. Nxe6 g5 $15) 42. a5 {[#]} (42. b4 $11) 42... Kc6 $2 (42... Rh6 $1 $19 43. Kb3 g5) 43. b4 $1 $11 Rg3 44. Kb3 g5 45. Rd1 Rg2 46. Rd8 {Hoping for Rc8+.} g4 47. Rc8+ Kd6 48. Re8 g3 49. Rxe6+ Kc7 50. Re7+ Kc6 $2 {[%mdl 8192]} (50... Kd8 $11 {and Black stays safe.} 51. Rxb7 Rd2) 51. Re6+ $2 (51. Rxb7 $18 Re2 52. Rb6+ Kc7 53. Nxa6+ (53. Rxa6 g2 $11) 53... Kd8 54. Rg6) 51... Kc7 52. Re7+ Kc6 $2 {[%mdl 8192]} (52... Kd8 $11 {and Black has nothing to worry.} 53. Rxb7 Rd2) 53. Re6+ $2 ({White must play} 53. Rxb7 $18 {Rb6+ is the strong threat.} Re2 54. Rb6+ Kc7 55. Nxa6+ (55. Rxa6 g2 $11) 55... Kd8 56. Rg6) 53... Kc7 {What a bad dream for Black. Accuracy: White = 69%, Black = 68%.} 1/2-1/2

[Event "Chess24 Legends of Chess"]
[Site "Online"]
[Date "2020.07.18"]
[Round "6.1"]
[White "Leko, Peter"]
[Black "Giri, Anish"]
[Result "1/2-1/2"]
[WhiteElo "2710"]
[BlackElo "2731"]
[Annotator "TA"]
[PlyCount "88"]
[EventDate "2020.07.21"]
[EventType "tourn"]
[SourceTitle "playchess.com"]
[Source "ChessBase"]
[SourceQuality "1"]

{[%evp 20,88,22,14,13,13,13,13,16,13,8,1,13,13,15,9,19,6,8,0,16,0,11,0,8,0,0,6,14,16,0,14,0,0,0,0,0,0,14,0,0,0,0,0,0,0,4,0,0,0,0,-40,0,0,0,-7,0,0,-7,0,0,0,0,0,0,0,0,0,0,0,0]} 1. d4 Nf6 2. c4 e6 3. Nf3 d5 4. g3 Bb4+ 5. Bd2 Be7 6. Bg2 O-O 7. O-O Nbd7 8. Qc2 c6 9. Rd1 b6 10. Bf4 Bb7 11. Ne5 Nh5 {E08: Closed Catalan: Main Line: 7 Qc2.} 12. Bd2 Nhf6 13. cxd5 cxd5 14. Nc6 Bxc6 15. Qxc6 Rc8 16. Qb5 Ne8 17. Qd3 Nd6 18. Nc3 Nf6 19. Be1 Qd7 20. Rac1 {[#]} h5 $146 ({Predecessor:} 20... Rc7 21. Rc2 Rfc8 22. Rdc1 h6 23. e3 Bf8 24. h3 b5 25. Ne2 Nc4 26. b3 Na3 27. Rxc7 Rxc7 {1-0 (49) Wojtaszek,R (2728)-L'Ami,E (2623) Germany 2019}) 21. Rc2 Rc7 22. Rdc1 Rfc8 23. e3 g6 24. Ne2 Kg7 25. Rxc7 Rxc7 26. Rxc7 Qxc7 27. h4 Nfe4 28. Qd1 Nf6 29. Nf4 Nf5 30. Nd3 Bd6 31. Qc1 Qd7 32. Qc2 Qb7 33. Bf3 Qb8 34. Qe2 Qc7 35. Kg2 Qc4 36. b3 {The position is equal.} Qc7 37. Qd2 a5 38. Qc3 Qd7 39. a4 Ne7 40. Qc2 Nc6 41. Be2 Ne4 42. Bf3 Nf6 43. Be2 Ne4 44. Bf3 Nf6 {An uneventful encounter. Accuracy: White = 97%, Black = 97%.} 1/2-1/2